000 00458nam a2200181Ia 4500
008 131103s9999 xx 000 0 und d
040 _aLoreto College
041 _aEnglish
082 _a372.4/DAS
_bLCBED/13305
100 _aDas, Ayesha
245 _aReading
_cAyesha Das
260 _aCalcutta
_b[s.n.]
_c1999
300 _a44p.
_b ill.,draw
_c 21cm.
650 _aElementary education
651 _aReading
850 _aLCBED/372.4/DAS
942 _cBK
999 _c27343
_d77822